Tonga Quiz - Statistics

General Stats
  • This quiz has been taken 9 times
  • The average score is 5 of 12
Answer Stats
Hint Answer % Correct
Number of official languages spoken in Tonga 2
75%
Country that controlled Tonga until gaining independence Great Britain
75%
Capital of Tonga Nuku'alofa
63%
Number of provinces there are in Tonga 5
50%
Name James Cook gave Tonga Friendly Islands
50%
Largest of Tonga's 169 islands Tongatapu
50%
Name of Tonga's currency Pa'anga
25%
The first people to settle in Tonga Polynesians
25%
The year Tonga was founded 1970
13%
Current prime minister Aisake Eke
13%
The official name of the Tongan Empire Tuʻi Tonga Empire
13%
Current monarch Tupou VI
13%
No matching quizzes found
Score Distribution
Percent of People with Each Score
Percentile by Number Answered
Your Score History
You have not taken this quiz